Analytické systémy hodnocení ukazatelů
Guardado en:
| Autor principal: | |
|---|---|
| Formato: | Libro |
| Lenguaje: | eslovaco |
| Publicado: |
Praha
Svépomoc
1988
|
| Edición: | 1. vyd. |
| Etiquetas: |
Sin Etiquetas, Sea el primero en etiquetar este registro!
|
MARC
| LEADER | 00000nam a2200000 4500 | ||
|---|---|---|---|
| 001 | c033897 | ||
| 005 | 20221219091352.4 | ||
| 041 | 0 | |a slo | |
| 044 | |a CZ | ||
| 245 | 1 | 0 | |a Analytické systémy hodnocení ukazatelů |c Zdeněk Schnierl |
| 250 | |a 1. vyd. | ||
| 264 | 1 | |a Praha |b Svépomoc |c 1988 | |
| 300 | |a 162 s. | ||
| 100 | 1 | |a Schnierl, Zdeněk | |